[Event "Mar del Plata op 34th"]
[Site "Mar del Plata"]
[Date "2003.04.14"]
[Round "4"]
[White "Cubas, Jose Fernando"]
[Black "Atalik, Suat"]
[Result "0-1"]
[WhiteElo "2424"]
[BlackElo "2568"]
[Annotator "Atalik,S"]
[PlyCount "80"]
[EventDate "2003.04.12"]
[EventType "swiss"]
[EventRounds "9"]
[EventCountry "ARG"]
[SourceTitle "EXT 2004"]
[Source "ChessBase"]
[SourceDate "2003.11.25"]
[SourceVersion "1"]
[SourceVersionDate "2003.11.25"]
[SourceQuality "1"]

1. e4 c5 2. f4 d5 3. Nc3 {My opponent who is one of the best players in
Paraguay likes this Mestrovic type of opening.} d4 4. Nce2 Nc6 5. d3 e5 6. Nf3
Bd6 {One of my first praxis in Bd6-Nge7 or Bd3-Nge2 type of set ups in Kings
Indian like openings.} ({I did not like} 6... Bg4 7. Nxe5 Nxe5 8. fxe5 Qh4+ 9.
g3 Qh5 10. Qd2 $13) 7. g3 f6 8. Bg2 Nge7 9. O-O Be6 10. fxe5 Bxe5 $1 {Bishops
are less important than knights in this type of closed games.Chigorin would be
very proud of me!} 11. Nf4 Bf7 12. Nxe5 Nxe5 $1 {e5 square should be occupied
by a knight.} (12... fxe5 13. Nh3 $1 h6 14. Qg4 Ng6 $11) 13. Bh3 $6 {An empty
move.} (13. c4 $142 O-O 14. Bd2) 13... Qd6 14. b3 O-O 15. Bd2 $6 {Allows more
expansion for black in the queenside.} (15. a4 $142 {And by this white can
exchange more pawns in the flank he is weaker.}) 15... b5 $17 16. a4 a6 17. Qe2
Rfb8 (17... N7c6 $2 18. Nd5 Bxd5 19. exd5 Qxd5 (19... Ne7 $6 20. Be6+ Kh8 21.
Qe4 f5 22. Qg2 $16) 20. Bg2 $44) (17... c4 $6 18. bxc4 bxc4 19. Bc1 $132) 18.
Bc1 N7c6 19. Ba3 $2 (19. Nd5 Bxd5 20. exd5 Nb4 21. Be6+ Kh8 22. Qg2 Rd8 23.
axb5 axb5 24. Rxa8 $1 (24. Bf4 $6 Rxa1 25. Rxa1 g5 $17) 24... Rxa8 25. Bf4 Rd8
26. Ra1 g5 $17) 19... bxa4 $1 {After this white runs into a horribly tied up
position.} 20. bxa4 Nb4 21. Rfc1 a5 $1 {Giving no counterplay.} (21... Na2 $2 {
Too greedy!} 22. Rxa2 Bxa2 23. c4 Bb3 24. Be6+ Kh8 25. Bd5 Ra7 26. Ne6 $44) 22.
Rf1 Ra6 23. Qd2 Rc6 24. Rab1 Rcb6 25. Rbd1 (25. Ra1 Qc6 26. c3 dxc3 27. Qxc3
Qxa4 $19) 25... Qc6 26. c3 dxc3 27. Qxc3 Qxa4 28. d4 (28. Ra1 Qb5) 28... cxd4
29. Rxd4 Qb3 $1 $19 {The a pawn should decide the game.} (29... Rc6 $6 30. Qd2)
30. Bxb4 axb4 (30... Rxb4 31. Rxb4 Qxb4 $19) 31. Qxb3 Bxb3 32. Nd5 Bxd5 $4 $138
{I should really be out of my mind to accept this exchange.} (32... R6b7 33.
Be6+ Kh8 $19) 33. exd5 b3 34. Kf2 $2 {Unable to calculate well in time trouble
white walks into a fork.} (34. Be6+ Kf8 35. d6 b2 $19) (34. Bf5 $1 b2 35. Bb1 (
35. Rdd1 Kf7 $17) 35... Kf7 36. d6 Ra6 37. Kf2 Ke6 38. Rfd1 Ra7 39. Ke2 g6 $17)
34... g6 35. Be6+ Kf8 36. d6 b2 37. Rb1 (37. Ba2 Ke8 (37... b1=Q 38. Bxb1 Rxb1
39. Rxb1 Rxb1 40. d7 Rb2+ 41. Kg1 Nf3+ 42. Kf1 Nxh2+ 43. Ke1 Nf3+ 44. Kf1 (44.
Kd1 $4 Rb1+)) 38. Bb1 Kd7 39. Rfd1 Rc8 $19) 37... Rd8 $1 $19 {The fork
combined with the bishop standing on a precarious square makes whites game
lost.} 38. Ke3 {Covering the fork but walking into the dangerous e line.} (38.
Ba2 Rdxd6 39. Rxd6 Rxd6 40. Rxb2 Nd3+ $19) 38... Nc6 39. Re4 $2 {Showing no
resiliency.} (39. Rf4 $8 Re8 40. Rxf6+ Kg7 41. Rf7+ Kh6 42. Rf6 (42. Re7 Nxe7
43. Bd7 Nf5+ $19) 42... Nd8 $19 (42... Kg5 43. d7 Re7 44. Rf7 Rxe6+ 45. Kd2
Rd6+ 46. Kc2 h5 47. Rxb2 Rxb2+ 48. Kxb2 Ne5 $19)) 39... f5 40. Rc4 Re8 {
White loses a piece.} 0-1

[Event "ARM-ch 66th"]
[Site "Yerevan"]
[Date "2006.03.20"]
[Round "5"]
[White "Minasian, Artashes"]
[Black "Anastasian, Ashot"]
[Result "1/2-1/2"]
[WhiteElo "2574"]
[BlackElo "2602"]
[Annotator "Babula,V"]
[PlyCount "107"]
[EventDate "2006.03.16"]
[EventType "tourn"]
[EventRounds "9"]
[EventCountry "ARM"]
[EventCategory "11"]
[SourceTitle "CBM 112"]
[Source "ChessBase"]
[SourceDate "2006.06.07"]
[SourceVersion "1"]
[SourceVersionDate "2006.06.07"]
[SourceQuality "1"]

1. e4 c5 2. f4 e6 3. Nf3 d5 4. Bb5+ Bd7 {This looks naturally,} ({but possible
is also} 4... Nd7) ({and} 4... Nc6) 5. Bxd7+ Nxd7 {Black develops his knight.}
({Weaker} 5... Qxd7 $143 {is dangerous for Black:} 6. Ne5 Qc7 7. exd5 exd5 8.
Nc3 Nf6 9. Qf3) 6. d3 (6. exd5 {doesn't give White anything now, for example}
exd5 7. O-O Bd6 8. d4 Ne7 9. Nc3 O-O 10. Kh1 Nf6 $11 {1/2 Sax,G (2570)-Van der
Wiel,J (2515)/Amsterdam 1983/MCD (23)}) 6... Bd6 {[%cal Yg8e7] Black deploys
his kingside's minor pieces the most harmoniously.} ({Other reasonable ways of
doing this is} 6... Ne7 7. O-O g6) ({or} 6... Ngf6 7. Nc3 Be7) 7. O-O Ne7 8. c4
{The important move of White's concept. He attacks Black's centre and fixes
Black's c pawn on c5 where it limits the scope of Black's dark squared bishop.}
dxe4 $6 {This exchange isn't strategically correct. It increases the
difference in activity of both bishops and White gains some space also.} ({
It deserves attention to block the position by d5-d4, now or a move later,
which leads to double-edged positions, for example:} 8... d4 9. e5 Bc7 10. Nbd2
Nc6 11. Ne4 Qe7 12. Bd2 f5 13. exf6 gxf6 14. a3 f5 15. Neg5 O-O-O $13 {0-1
Minasian,A (2571)-Yudasin,L (2558)/Los Angeles 2003/CBM 097 (50)}) (8... O-O 9.
Nc3 d4 10. Ne2 a6 (10... Bc7 11. g4 f5 12. e5 Qe8 13. g5 $13 {1-0 Djurhuus,R 
(2495)-Hansen,C (2610)/Munkebo 1998/CBM 067 (48)}) 11. g4 b5 12. b3 Rb8 13. Ng3
Ng6 14. e5 Bc7 15. Ng5 h6 16. N5e4 Qh4 $13 {0-1 Sveshnikov,E (2525)-Berkovich,
D (2445)/Podolsk 1992/CBM 033 (41)}) 9. dxe4 $14 Bc7 10. Nc3 Nc6 ({The
position after} 10... O-O 11. Qe2 {arose in the quoted game below, but in
different move order. It demonstrates problems of Black's position very well:}
Ba5 12. Nd1 Nc6 13. Nf2 Qe7 14. Be3 Rad8 15. e5 f6 16. Ne4 fxe5 17. Nxe5 Ncxe5
18. fxe5 $14 {1/2 Balashov,Y (2565)-Sveshnikov,E (2520)/Leningrad 1977/URS-ch 
(28)}) 11. Be3 O-O 12. Qe2 Qe7 13. Rad1 Rad8 14. Qf2 {A new move.} ({Deserves
attention straightforward} 14. e5 $5 {[%cal Yc3e4] , for example} f6 15. exf6
Qxf6 16. Ng5 $14 {0-1 Zingheim,S-Odendahl,S (2405)/Chicago 1987/EXT 99 (55)})
14... Ba5 $2 {Black strives to activates his passive bishops, but he overlooks
White's next move.} (14... a6 $142 $14) 15. Nb5 $1 {[%cal Yb5d6] Now Black
gets into big trouble.} Bb6 (15... f6 16. Nd6 $16) 16. h3 $2 {[%csl Gg4] It is
too soft.} ({In respect of the line} 16. Nd6 $2 Nf6 17. e5 $140 Ng4 {White
takes the g4 square under control.}) ({Correct is energetic} 16. e5 $142 {
and after} f6 17. Qg3 $16 {White keeps the e5 pawn and thus also the d6 square
for his knight.} (17. Qh4 $5)) 16... f6 $11 {Black prevents the e4-e5 and
equalizes, as White's Nb5 is slightly misplaced now.} 17. Nc3 (17. Nd6 Nd4)
17... Ba5 18. Na4 b6 19. Bd2 {White exchanges the bishops and thus resigns
himself to get any advantage.} Ndb8 20. Bxa5 Nxa5 21. b3 Nac6 22. Nc3 Rxd1 23.
Rxd1 Rd8 $11 {The position is absolutely equal.} 24. Rxd8+ {White gives up the
d file for nothing.} (24. Rd2 $5) 24... Qxd8 25. f5 $6 {This pseudoactive move
only weakens White's position.} (25. Qd2 $142 $11) 25... Qd3 26. Qd2 Qxd2 27.
Nxd2 Kf7 28. Kf2 $6 ({Still holds the balance} 28. Nb5 $142 $5 Ke7 29. Nf3 $11)
28... Nd4 29. fxe6+ Kxe6 $15 {Now Black is slightly better because of the
better pawn structure, White has the isolated e4 pawn.} 30. Ke3 Nbc6 31. Nf3
Nc2+ 32. Kd2 N2b4 33. a3 Na6 34. Nd5 Nab8 35. Ke3 Nd7 36. b4 $2 {A serious
mistake, White weakens his c4 pawn.} (36. Nf4+ $15) 36... Nde5 37. Nf4+ $6 (37.
Nd2 $142 Kd6 $17) 37... Kd6 38. bxc5+ bxc5 (38... Kxc5 $2 39. Ne6+) 39. Nxe5
Kxe5 $2 {A blunder in the simple situation, most probably due to the
time-trouble.} (39... Nxe5 $142 $17) 40. Nd3+ $15 {Now Black is only slightly
better.} Kd6 41. Nf4 $2 (41. Kd2 $142 $15) 41... Nd8 $2 (41... Ne5 $142 $17)
42. Kd2 Nc6 43. Nd3 Nd4 ({After} 43... Ne5 {White is forced to play} 44. Nb2
$15 ({as the pawn ending} 44. Nxe5 $2 Kxe5 45. Ke3 h5 $19 {is simply lost,
Black has more tempi than White.})) 44. Nf4 g5 45. Nd3 Nc6 46. Ke3 h5 47. g3
Ne5 48. Nb2 (48. Nxe5 $2 Kxe5 $19) 48... a6 49. Ke2 Nc6 50. Nd3 Nd4+ 51. Kd2
Nc6 52. Ke3 Ne5 $6 53. Nxe5 $1 {Now the pawn ending is drawish, as Black has
already moved his a pawn and thus has lost one tempo.} Kxe5 54. h4 $11 (54. h4
gxh4 55. gxh4 a5 56. a4 f5 57. exf5 Kxf5 58. Kf3) 1/2-1/2

[Event "USA-ch GpA"]
[Site "San Diego"]
[Date "2006.03.08"]
[Round "6"]
[White "Lenderman, Aleksandr"]
[Black "Finegold, Benjamin"]
[Result "0-1"]
[WhiteElo "2431"]
[BlackElo "2563"]
[Annotator "Babula,V"]
[PlyCount "62"]
[EventDate "2006.03.02"]
[EventType "swiss"]
[EventRounds "9"]
[EventCountry "USA"]
[SourceTitle "CBM 112"]
[Source "ChessBase"]
[SourceDate "2006.06.07"]
[SourceVersion "1"]
[SourceVersionDate "2006.06.07"]
[SourceQuality "1"]

1. e4 c5 2. d4 cxd4 3. c3 d3 {Black doesn't want to play the principled way
and doesn't accept the offered pawn sacrifice.} 4. c4 g6 5. Bxd3 Bg7 6. Nf3 {
White develops his Ng1 by the natural way.} ({But playable is also} 6. Ne2 Nc6
7. Nbc3 Nf6 8. O-O O-O 9. h3 d6) 6... Nc6 7. O-O d6 8. h3 Nf6 9. Nc3 O-O {
It has arisen the typical position for the Maroczy.} 10. Be3 ({The alternative
is} 10. Bg5 Nd7 11. Rc1 Nc5) 10... Nd7 {[%cal Yd7c5] This is Black's typical
manoeuvre in the Maroczy. He transfers his knight to c5 to strengthen the
pressure against White's centre and queenside.} 11. Qd2 ({White usually
deploys his forces this way:} 11. Rc1 Nc5 12. Bb1 {Now Black can play} f5 {
as in our game} ({or} 12... a5 {, for example} 13. Qe2 (13. Qd2 Re8 14. Rfd1
Be6 15. Nd5 a4 16. Bh6 Bxd5 17. exd5 Ne5 18. Nd4 Qa5 $11 {0-1 Volman,H (2197)
-Tyomkin,D (2512)/Givataim 2005/CBM 105 ext (54)}) 13... b6 14. Rfd1 Bb7 15.
Nd4 Nxd4 16. Bxd4 Bxd4 17. Rxd4 Ne6 $14 {1-0 Lendwai,R (2410)-Sadler,M (2540)/
Cappelle la Grande 1993/TD (39)}) {After} 13. exf5 gxf5 14. Qd2 Kh8 {we reach
the position from our game. Exactly this move order was in the quoted game
Tibensky-Gazik below.}) 11... Nc5 12. Rac1 $6 {An inaccuracy.} ({The logical
continuation of White's previous move is} 12. Bh6 $5 {Then Black can't gain a
piece} Bxh6 $6 13. Qxh6 Nxd3 $4 {due to} 14. Ng5 $18 {, of course.}) 12... f5
$5 13. exf5 gxf5 $6 {Black doesn't exploit White's 12th move.} (13... Nxd3 $142
14. Qxd3 Bxf5 $11) 14. Bb1 $14 Kh8 15. Rfd1 {A novelty.} (15. Nd5 Qd7 16. Ng5
e6 17. Nf4 e5 18. Bxc5 dxc5 19. Qxd7 Bxd7 20. Nfe6 Bxe6 21. Nxe6 Rf7 22. Nxc5
e4 $44 {0-1 Tibensky,R (2400)-Gazik,I (2420)/Trnava 1988/EXT 98 (37)}) 15...
Qe8 16. Nd5 {[%cal Yd5c7]} Rb8 ({Bad is} 16... Qf7 $2 {because of} 17. Ng5 {
followed by b2-b4-b5 to gain the e7 pawn.}) 17. Nd4 ({More energetic looks} 17.
b4 $5) 17... Bd7 $2 {A mistake, the bishop is here insecure.} (17... Qf7 $142
$5 $14) 18. b3 $2 {White misses his opportunity for the first time.} (18. Nxc6
$142 $1 Bxc6 (18... bxc6 $6 19. Nxe7 $1 Qxe7 $140 20. Qxd6 {[%csl Rc5,Rd7]})
19. b4 $16 {is similar to the game.}) 18... Qf7 $2 (18... Rd8 $142 $14) 19.
Nxc6 $1 {But not for the second time.} Bxc6 (19... bxc6 $6 20. Nxe7 $1) 20. b4
Ne6 21. b5 $1 {White wants maximum out of the position, he is not afraid of
complications that are favourable for him.} ({Weaker is} 21. f4 $2 $14 {
with idea to avoid Black's counterplay.}) 21... f4 22. Bxa7 Ra8 23. Bb6 $5 {
Looks better than} (23. bxc6 Rxa7 24. c7 $16) 23... Bd7 24. Ba5 $2 {White mars
a good game. This move is too soft, moreover the bishop is on a5 very unsafe.}
({Correct is energetic} 24. c5 $142 $1 f3 $5 (24... dxc5 $2 25. Nc7) 25. c6 Bc8
26. g3 $16 {and White should be able to parry Black's attack.}) 24... f3 $1 $40
{[%mdl 128] The situation has changed radically. Black's attack is very
dangerous now and it is extremely difficult to defend precisely, especially in
the practical game.} 25. Nb6 Nf4 ({Deserves attention also} 25... Rxa5 $5 26.
Nxd7 (26. Qxa5 $2 fxg2 $19) 26... Rg8 $40 {Now White can't take the rook} 27.
Qxa5 $2 {due to} Bd4 $19 28. g4 Qf4) 26. Nxd7 Rg8 27. Bc3 $2 {Turns the tables
completely.} ({Perhaps the best defence is} 27. Be4 fxg2 28. Rc3 Rxa5 $15) ({or
} 27. Kh2 fxg2 $15 (27... Be5 $2 28. g4 $1)) 27... Ne2+ $19 {Now Black gains
material or mates White's king.} 28. Kh2 Bxc3 29. Qh6 (29. Rxc3 Rxg2+ 30. Kh1
Qh5) 29... Rxg2+ 30. Kh1 Rag8 31. Rf1 Bd2 0-1

[Event "EU-Cup 21st"]
[Site "Saint Vincent"]
[Date "2005.09.21"]
[Round "4.5"]
[White "Kharlov, Andrei"]
[Black "Stanojoski, Zvonko"]
[Result "1/2-1/2"]
[WhiteElo "2619"]
[BlackElo "2458"]
[Annotator "Babula,V"]
[PlyCount "63"]
[EventDate "2005.09.18"]
[EventType "team-swiss"]
[EventRounds "7"]
[EventCountry "ITA"]
[SourceTitle "CBM 110"]
[Source "ChessBase"]
[SourceDate "2006.01.31"]
[SourceVersion "1"]
[SourceVersionDate "2006.01.31"]
[SourceQuality "1"]
[WhiteTeam "Kazan Ladya"]
[BlackTeam "Skopje"]
[WhiteTeamCountry "RUS"]
[BlackTeamCountry "MKD"]

1. e4 c5 2. f4 {Kharlov's speciality, its main idea is to fight for the
e5-square. But its drawbacks are clear, weakening of the king position,
limiting the scope of the dark-squared bishop and most important, it is a
waste of time. Therefore it is a rare continuation and White can't seriously
aspire for an advantage.} Nc6 3. Nf3 d5 {Black immediately clarifies the
situation in the centre, but it costs a tempo.} ({More common options are} 3...
g6) (3... e6) (3... d6) 4. exd5 Qxd5 5. Nc3 Qd8 ({It is possible also the
other retreat} 5... Qd6 {Here the queen protects Nc6 against the potential
threat Bf1-b5xc6 with creation of the doubled pawns. But the queen is here
slightly exposed and White can profit from it.} 6. Bb5 Nf6 7. O-O g6 8. d3 a6 (
8... Bg7 9. Ne5) 9. Bxc6+ Qxc6 10. Ne5 Qc7 11. Qf3 Bg7 12. a4 O-O 13. a5 $14 {
><b6 1-0 Kharlov,A-Holst,C/Izmir 2004/CBM 104 (43)}) 6. Bb5 (6. Bc4 $143 {
leads nowhere} e6 7. d3 Nf6 8. O-O Be7 9. Kh1 O-O 10. a4 b6 $11 {1-0 Xu
Jun-Lumongdong,L/Singapore 1995/EXT 98 (31)}) 6... Nf6 ({It deserves attention
} 6... Bd7 $5 {Black tries to avoid the creation of the doubled pawns at all:}
7. O-O Nf6 8. Ne5 Rc8 (8... Nxe5 $6 9. fxe5 $36) 9. Qe2 e6 10. Bxc6 Bxc6 11. f5
$1 Qd4+ 12. Kh1 Bd6 13. Nxc6 bxc6 {o/oc anyway they are here} (13... Rxc6 14.
Nb5 $14) 14. d3 O-O 15. fxe6 Rce8 16. Bg5 Rxe6 17. Bxf6 Rxf6 18. Rxf6 Qxf6 19.
g3 Be5 20. Rf1 Qd6 21. Ne4 Qd5 22. b3 Bd4 23. Qf3 f5 $13 {1-0 Sveshnikov,
E-Dvoirys,S/Podolsk 1993/CBM 038 (63)}) 7. Ne5 ({Of course not} 7. Bxc6+ $6
bxc6 {^^ which would let Black with the pair of bishops.}) 7... Bd7 8. Bxc6 {
The principled continuation, White creates Black the doubled pawn.} (8. O-O {
would lead to the abovementioned game Sveshnikov-Dvoirys.}) 8... Bxc6 9. Nxc6
bxc6 {o/oc} 10. d3 e6 11. O-O (11. Qf3 Nd5 12. O-O Be7 13. f5 O-O 14. Ne4 e5
15. Qf2 f6 16. b3 Qb6 17. Kh1 Qb4 18. Qf3 Rfd8 19. Bd2 Qa3 20. Bc1 Qa5 21. a3
Nc7 22. Qh5 Nd5 23. Bd2 Qc7 24. Rf3 Bf8 25. Rh3 h6 26. Rg3 Kh8 27. Rf1 Nf4 28.
Qh4 Re8 29. Bxf4 exf4 30. Rg6 Rxe4 31. dxe4 Bd6 32. Rxh6+ gxh6 33. Qxf6+ Kg8
34. Qg6+ Kf8 35. Qxh6+ Ke8 36. e5 Bxe5 37. Re1 Rd8 38. Qf6 Qe7 39. Qxe5 Qxe5
40. Rxe5+ Kf7 41. Kg1 c4 42. Rc5 cxb3 43. cxb3 f3 44. g4 Rd4 45. Rc4 Rd3 46. b4
Rxa3 47. h4 Ra2 48. g5 a5 49. bxa5 Rxa5 50. Rf4 Ra3 51. Kf2 c5 52. Rxf3 Ra1 53.
h5 Rh1 54. h6 c4 55. g6+ Kf6 56. g7 Kf7 57. Rg3 Kg8 58. f6 Rxh6 59. f7+ {
1-0 Watson,W-Lalic,N/Jelenia Gora 1980/EXT 2003}) 11... Be7 12. Kh1 {White
safeguards his king against the check on the d4-square and prepares the siege
of Black's weaknesses on the queenside.} ({Position after} 12. Qf3 Nd5 {
was reached in the different move order in the game Watson-Lalic, White chose
maybe more promising plan with the f4-f5 advance} 13. f5 O-O 14. Ne4 e5 $2 15.
Qf2 f6 16. b3 $16 {1-0 Watson,W-Lalic,N/Jelenia Gora 1980/EXT 2003 (19)}) 12...
O-O {In the position of that type, generally said, the doubled pawns are
statically weak but they have also some advantages, as successfully Botvinnik
showed. They control the complex of squares on the half-open files, in our
games squares d4,d5 and b4,b5. And in the position with pieces they could have
also the hidden dynamics. Simply said, it is far from easy to exploit their
weakness.} 13. Na4 (13. b3 $6 Nd5 {[%cal Ye7f6]}) 13... Qd4 $1 14. c3 {[%csl
Rd3] ><d3 After the forced committal c2-c3 Black has also a target, the pawn
d3.} Qd5 $13 15. c4 Qf5 16. Qe2 Rfd8 17. Rf3 Rd7 18. Bd2 Rad8 19. Ba5 Re8 20.
Raf1 Bf8 21. Nc3 Rd4 22. Bc7 $5 {[%cal Yc7e5]} Bd6 23. Bxd6 Rxd6 24. Qe5 (24.
Ne4 Rd4 $11) 24... Red8 25. Rd1 Rd4 26. Qxf5 exf5 $11 {The position is equal,
White can't make any progress as Black pieces are very active.} 27. Kg1 g6 28.
b3 Re8 $11 {[%cal Ge8e1] <->e} 29. h3 Rd6 30. Na4 Nd7 31. Rf2 Rd4 32. Nb2
1/2-1/2

[Event "Dubai op"]
[Site "Dubai"]
[Date "2001.04.16"]
[Round "2"]
[White "Sveshnikov, Evgeny"]
[Black "Ramesh, Ramachandran B"]
[Result "1-0"]
[WhiteElo "2571"]
[BlackElo "2458"]
[Annotator "Bangiev,A"]
[PlyCount "35"]
[EventDate "2001.04.15"]
[EventType "swiss"]
[EventRounds "9"]
[EventCountry "UAE"]
[SourceTitle "CBM 083"]
[Source "ChessBase"]
[SourceDate "2001.07.05"]
[SourceVersion "1"]
[SourceVersionDate "2001.07.05"]
[SourceQuality "1"]

1. e4 c5 2. f4 d5 3. exd5 Qxd5 4. Nc3 Qd8 5. Nf3 Nc6 6. Bb5 Bd7 7. O-O e6 8.
Bxc6 Bxc6 9. Ne5 Rc8 10. Qe2 Be7 11. d3 (11. f5 exf5 12. Rxf5 Nf6 13. Nxc6 Rxc6
14. Re5 Qd4+ 15. Kh1 Qd7 16. h3 Re6 17. Rxe6 fxe6 18. d3 O-O 19. Bg5 h6 20.
Bxf6 Bxf6 21. Re1 $11 {1/2-1/2 Mas,H-Novikov,I/Jakarta 1997/CBM 58 ext (36)})
11... Nf6 12. Be3 (12. f5 exf5 13. Bg5 O-O 14. Rxf5 Bd5 15. Ng4 Be6 16. Bxf6
Bxf5 17. Bxg7 Bxg4 18. Qxg4 f5 $1 $19 {0-1 Keschitz,G-Schneider,A/Budapest
1993/EXT 97 (34)}) 12... O-O 13. Rad1 Nd5 (13... Nd7 14. Qg4 $5) 14. Nxd5 exd5
(14... Bxd5 15. c4 Bc6 16. d4 $36) 15. d4 c4 (15... Re8 16. dxc5 $1 (16. f5 $2
Bf6) 16... Qa5 (16... Bf6 17. Bd4) 17. Qd2 Qxd2 18. Rxd2 Bb5 19. Rfd1 f6 20.
Nf3 Bf8 21. Bf2 (21. Bd4 Re4 $1 $132) 21... Bc6 22. b4 Re4 23. Rd4 $14) 16. f5
Be8 $6 (16... Bf6 17. Qh5 $5 Ba4 $5 (17... Bxe5 $2 18. dxe5 $16) 18. Rf3 (18.
Rf2 c3 19. b3 Bb5 20. Ng4 $36) 18... Bxc2 19. Rh3 h6 20. Rc1 Be4 21. Rg3 $36
Kh7 (21... Bxe5 22. dxe5 $16) (21... b5 22. Bxh6) 22. Nxf7) (16... Ba4 $1 17.
b3 (17. Rd2 $6 c3 $36) (17. Rf2 f6 $17) (17. Rf3 f6 18. Ng4 c3 $36) 17... Bb5
18. Rf2 (18. Rfe1 Bb4) (18. bxc4 Bxc4 19. Nxc4 Rxc4 $15) 18... f6 19. bxc4 (19.
Nf3 Qd7 $17) 19... Ba6 $15) (16... f6 $6 17. Nxc6 Rxc6 18. c3 $14) 17. Qg4 Ba4
$4 {[%mdl 8192]} (17... Bf6 $132) 18. Bh6 $18 1-0